000 00466nam a22001812 4500
001 0000005607
005 20151217160109.0
008 070620s xx 000 0 eng d
040 _aKABU
_cKABU
050 0 _aPZ7
_b.W4C37
100 1 _aWegesa, Benjamin S.
_@0000156853
245 1 0 _aCaptured by raiders.
260 _aNairobi :
_bEAPH,
_c1969.
300 _a89 p.
908 _a070620
950 _@1
999 _c14175
_d14175